| 000 | 01557cam a22003617a 4500 | ||
|---|---|---|---|
| 001 | 15520633 | ||
| 003 | OSt | ||
| 005 | 20150408114023.0 | ||
| 008 | 081113s2008 enkab b 101 0 eng d | ||
| 010 | _a 2008278090 | ||
| 015 |
_aGBA849181 _2bnb |
||
| 016 | 7 |
_a014568042 _2Uk |
|
| 020 | _a9781845641177 (hbk.) | ||
| 020 | _a1845641175 (hbk.) | ||
| 035 | _a(OCoLC)ocn214309288 | ||
| 040 |
_aUKM _cUKM _dBWKUK _dBWK _dBTCTA _dYDXCP _dBAKER _dBWX _dDLC |
||
| 042 | _alccopycat | ||
| 050 | 0 | 0 |
_aQE38 _b.I545 2008 |
| 082 | 0 | 4 |
_a550 _222 |
| 111 | 2 |
_aInternational Conference on Evolution, Monitoring, Simulation, Management and Remediation of the Geological Environment and Landscape. _n(3rd : _d2008 : _cNew Forest, England) _911983 |
|
| 245 | 1 | 0 |
_aGeo-environment and landscape evolution III : _bevolution, monitoring, simulation, management and remediation of the geological environment and landscape / _ceditors, U. Mander, C.A. Brebbia, J.F. Martin-Duque. |
| 260 |
_aSouthampton, UK ; _aBoston : _bWIT, _cc2008. |
||
| 300 |
_a246 p. : _bill., maps ; _c24 cm. |
||
| 440 | 0 |
_aWIT transactions on the built environment ; _vv. 100 _911984 |
|
| 504 | _aIncludes bibliographical references and index. | ||
| 650 | 0 |
_aEnvironmental geology _vCongresses. _911985 |
|
| 700 | 1 |
_aMander, Ü _q(Ülo) _911986 |
|
| 700 | 1 |
_aMartin-Duque, J. F. _911987 |
|
| 700 | 1 |
_aBrebbia, C. A. _911979 |
|
| 856 | 4 | 1 |
_3Table of contents only _uhttp://www.loc.gov/catdir/toc/fy0903/2008278090.html |
| 942 |
_2ddc _cBOOK |
||
| 999 |
_c22168 _d256668 |
||